000 00745nam a22002651 4500
001 35621
003 BD-RjUL
005 20211209052343.0
008 140521r19621951enk 000 0 eng
035 _a(BD-RjUL)35716
035 _a(OCoLC)3102416
040 _aDLC
_cOC
_dBD-RjUL
_beng
041 _aeng
082 _a320.1
_bLAI 1962
100 1 _aLaski, Harold Joseph
_d1893-1950.
_96133
245 1 3 _aAn introduction to politics /
_cHarold J. Laski.
250 _aRev. ed.
260 _aLondon :
_bG. Allen & Unwin ltd.,
_c1951 [Impression 1962].
300 _a91 p. ;
_c19 cm.
500 _a"A note on books": p. 108-109.
650 0 _aState, The.
_9108466
942 _2ddc
_cBK
999 _c35621
_d35621